30 Rock Trivia Quiz Stats

Quiz not verified by Sporcle

Challenge
Share
Tweet
Embed
Score 0/20 Timer 05:00
0 Plays Today
Question Answer % Correct
Kenneth, Grizz and ______ are part of Tracy's entourage.Dot Com
97.6%
What is Jack's Mother's Name?Colleen
91.3%
Liz's staff enjoys making fun of this character.Lutz
90.3%
Liz's pilot boyfriend.Carol
87.5%
What body part is Liz extremely self-conscious about?Feet
86.1%
Frank is what nationality?Italian
84.7%
This company buys NBC.Kabletown
83%
Jack has one of these and tries to hide it from Don Geiss.Heart Attack
81.7%
Jack's assistant.Jonathan
80.2%
Liz's fantasy boyfriend.Astronaut Mike Dexter
80.1%
Question Answer % Correct
Who is Josh's replacement?Danny
78.5%
What instrument does Jack play?Flute
77.5%
Company doctor.Leo Spaceman
76.6%
Jack's nemesis. Devon
75.5%
Jack's daughter's name.Liddy
70.2%
Jack's first wife.Bianca
69.7%
This man inspires Jack.Reagan
68.6%
The boyfriend Liz hates.Wesley Snipes
62.5%
Liz's hometown.Whitehaven
57.8%
Jack is convinced not to get a vasectomy by this person.Tracy Jr.
47.9%

You're not logged in!

Compare scores with friends on all Sporcle quizzes.
Join for Free
OR
Log In

You Might Also Like...

Show Comments

Extras

Created Apr 2, 2012ReportNominate
Tags:Rock Quiz, 30 Rock

Top Quizzes Today


Score Distribution

Your Account Isn't Verified!

In order to create a playlist on Sporcle, you need to verify the email address you used during registration. Go to your Sporcle Settings to finish the process.

Report this User

Report this user for behavior that violates our Community Guidelines.

Details: